|
|
|
|
| LEADER |
03732nam a2200661 4500 |
| 001 |
ocn773300981 |
| 003 |
OCoLC |
| 005 |
20170124072419.9 |
| 006 |
m o d |
| 007 |
cr cn||||||||| |
| 008 |
120119s2011 gw ob 001 0 eng d |
| 040 |
|
|
|a DG1
|b eng
|e pn
|c DG1
|d YDXCP
|d OCLCO
|d OCLCQ
|d OCLCF
|d OCLCA
|d EBLCP
|d E7B
|d CDX
|d N$T
|d IDEBK
|d DEBSZ
|d OCLCQ
|d COO
|d OCLCQ
|d DEBBG
|d GrThAP
|
| 019 |
|
|
|a 797919112
|a 808348145
|
| 020 |
|
|
|a 9783527639748
|q (electronic bk.)
|
| 020 |
|
|
|a 3527639748
|q (electronic bk.)
|
| 020 |
|
|
|a 9783527639762
|
| 020 |
|
|
|a 3527639764
|
| 020 |
|
|
|a 1283869764
|
| 020 |
|
|
|a 9781283869768
|
| 020 |
|
|
|z 9783527410118
|
| 029 |
1 |
|
|a DEBBG
|b BV041912582
|
| 029 |
1 |
|
|a DEBSZ
|b 423065432
|
| 029 |
1 |
|
|a DEBSZ
|b 43107335X
|
| 029 |
1 |
|
|a DEBSZ
|b 449276856
|
| 029 |
1 |
|
|a GBVCP
|b 790035340
|
| 029 |
1 |
|
|a NZ1
|b 14294816
|
| 029 |
1 |
|
|a NZ1
|b 15340746
|
| 029 |
1 |
|
|a DEBBG
|b BV043393986
|
| 035 |
|
|
|a (OCoLC)773300981
|z (OCoLC)797919112
|z (OCoLC)808348145
|
| 037 |
|
|
|a 10.1002/9783527639748
|b Wiley InterScience
|n http://www3.interscience.wiley.com
|
| 050 |
|
4 |
|a TA357
|b .T73 2011
|
| 072 |
|
7 |
|a TEC
|x 014000
|2 bisacsh
|
| 082 |
0 |
4 |
|a 532.0015118
|2 22
|
| 049 |
|
|
|a MAIN
|
| 245 |
0 |
0 |
|a Transport and mixing in laminar flows :
|b from microfluidics to oceanic currents /
|c edited by Roman Grigoriev.
|
| 264 |
|
1 |
|a Weinheim :
|b Wiley-VCH ;
|c 2011.
|
| 264 |
|
2 |
|a Chichester :
|b John Wiley [distributor],
|c 2011.
|
| 300 |
|
|
|a 1 online resource (1 volume).
|
| 336 |
|
|
|a text
|b txt
|2 rdacontent
|
| 337 |
|
|
|a computer
|b c
|2 rdamedia
|
| 338 |
|
|
|a online resource
|b cr
|2 rdacarrier
|
| 490 |
1 |
|
|a Annual Reviews of Nonlinear Dynamics and Complexity (VCH)
|
| 505 |
0 |
|
|a Front Matter -- Mixing in Laminar Fluid Flows: From Microfluidics to Oceanic Currents / Roman O Grigoriev -- Resonances and Mixing in Near-Integrable Volume-Preserving Systems / Dmitri Vainchtein -- Fluid Stirring in a Tilted Rotating Tank / Thomas Ward -- Lagrangian Coherent Structures / Shawn C Shadden -- Interfacial Transfer from Stirred Laminar Flows / Joseph D Kirtland, Abraham D Stroock -- The Effects of Laminar Mixing on Reaction Fronts and Patterns / Tom Solomon -- Microfluidic Flows of Viscoelastic Fluids / M̤nica S N Oliveira, Manuel A Alves, Fernando T Pinho -- Index.
|
| 588 |
0 |
|
|a Print version record.
|
| 504 |
|
|
|a Includes bibliographical references and index.
|
| 520 |
|
|
|a This book provides readers from academia and industry with an up-to-date overview of important advances in the field, dealing with such fundamental fluid mechanics problems as nonlinear transport phenomena and optimal control of mixing at the micro- and nanoscale. The editors provide both in-depth knowledge of the topic as well as vast experience in guiding an expert team of authors. The review style articles offer a coherent view of the micromixing methods, resulting in a much-needed synopsis of the theoretical models needed to direct experimental research and establish engineering princi.
|
| 650 |
|
0 |
|a Fluid mechanics
|x Mathematical models.
|
| 650 |
|
0 |
|a Nonlinear theories.
|
| 650 |
|
7 |
|a TECHNOLOGY & ENGINEERING
|x Hydraulics.
|2 bisacsh
|
| 650 |
|
7 |
|a Fluid mechanics
|x Mathematical models.
|2 fast
|0 (OCoLC)fst00928006
|
| 650 |
|
7 |
|a Nonlinear theories.
|2 fast
|0 (OCoLC)fst01038812
|
| 655 |
|
4 |
|a Electronic books.
|
| 700 |
1 |
|
|a Grigoriev, Roman.
|
| 710 |
2 |
|
|a Wiley InterScience (Online service)
|
| 776 |
0 |
8 |
|i Print version:
|t Transport and mixing in laminar flows.
|d Weinheim : Wiley-VCH ; Chichester : John Wiley [distributor], 2011
|z 9783527410118
|w (OCoLC)751739823
|
| 830 |
|
0 |
|a Annual Reviews of Nonlinear Dynamics and Complexity (VCH)
|
| 856 |
4 |
0 |
|u https://doi.org/10.1002/9783527639748
|z Full Text via HEAL-Link
|
| 994 |
|
|
|a 92
|b DG1
|